Construction contracts (Record no. 115686)
[ view plain ]
| 000 -LEADER | |
|---|---|
| fixed length control field | 02747cam a22004095a 4500 |
| 001 - CONTROL NUMBER | |
| control field | L159120 |
| 008 - FIXED-LENGTH DATA ELEMENTS--GENERAL INFORMATION | |
| fixed length control field | 070413s2015 xxk f 001 0 eng d |
| 020 ## - INTERNATIONAL STANDARD BOOK NUMBER | |
| International Standard Book Number | 1315695219 |
| -- | 9781315695211 |
| 035 ## - SYSTEM CONTROL NUMBER | |
| System control number | (Sirsi) u159120 |
| 041 0# - LANGUAGE CODE | |
| Language code of text/sound track or separate title | eng |
| 050 04 - LIBRARY OF CONGRESS CALL NUMBER | |
| Classification number | 692.8 $2 18 |
| 100 1# - MAIN ENTRY--PERSONAL NAME | |
| Personal name | Hughes, Will |
| 245 00 - TITLE STATEMENT | |
| Title | Construction contracts |
| Remainder of title | law and management |
| Medium | [electronic resource] |
| 250 ## - EDITION STATEMENT | |
| Edition statement | 5th ed. |
| 260 ## - PUBLICATION, DISTRIBUTION, ETC. | |
| Place of publication, distribution, etc. | Oxon |
| Name of publisher, distributor, etc. | Routledge |
| -- | Taylor and Francis |
| Date of publication, distribution, etc. | 2015 |
| 300 ## - PHYSICAL DESCRIPTION | |
| Extent | eBook |
| 505 2# - FORMATTED CONTENTS NOTE | |
| Formatted contents note | Introduction -- List of tables -- List of figures -- Table of cases -- Table of statutes -- Glossary -- UK construction industry context -- Roles and relationships -- General contracting -- Design and build -- Constructions management -- Collaborative contracting -- Risk allocation and procurement decisions -- Contract choice -- Tendering and contract formation -- Liability in contract and tort -- Contractor's obligations -- Employer's obligations -- Responsibility for design -- Time -- Payment -- Contractors' delay and disruption costs -- Insurance and bonds -- Role of the contract administrator -- Sub-contracts -- Financial remedies for breach of contract -- Defective buildings and subsequent owners -- Suspension and termination of contracts -- Non-adversarial dispute resolution -- Adversarial dispute resolution -- References -- Author index -- Subject index |
| 520 ## - SUMMARY, ETC. | |
| Summary, etc. | Describes the fundamental principles of how English law applies to building and civil engineering contracts. Aimed primarily at students. Covers the syllabus requirements for first degrees in Building, Civil Engineering, Architecture, Quantity Surveying and Building Surveying. Also covers the requirements for postgraduate courses in Construction Management and Project Management. The book provides explanations of features found in contemporary construction contracts and may therefore serve as a reference guide to practitioners such as consultants, builders, clients and lawyers. It now includes comparisons of working with JCT, NEC3, and FIDIC contracts throughout. |
| 590 ## - LOCAL NOTE (RLIN) | |
| Local note | KA |
| 650 24 - SUBJECT ADDED ENTRY--TOPICAL TERM | |
| Topical term or geographic name entry element | EBOOK |
| 650 24 - SUBJECT ADDED ENTRY--TOPICAL TERM | |
| Topical term or geographic name entry element | BUILT ENVIRONMENT-BUILDING CONTRACT FORMS |
| 650 24 - SUBJECT ADDED ENTRY--TOPICAL TERM | |
| Topical term or geographic name entry element | DESIGN AND BUILD |
| 650 24 - SUBJECT ADDED ENTRY--TOPICAL TERM | |
| Topical term or geographic name entry element | Construction management |
| 9 (RLIN) | 6230 |
| 650 24 - SUBJECT ADDED ENTRY--TOPICAL TERM | |
| Topical term or geographic name entry element | TENDERING |
| 650 24 - SUBJECT ADDED ENTRY--TOPICAL TERM | |
| Topical term or geographic name entry element | CLAIMS |
| 650 24 - SUBJECT ADDED ENTRY--TOPICAL TERM | |
| Topical term or geographic name entry element | BUILT ENVIRONMENT-BUILDING PATHOLOGY |
| 650 24 - SUBJECT ADDED ENTRY--TOPICAL TERM | |
| Topical term or geographic name entry element | CDM 2015 |
| 650 24 - SUBJECT ADDED ENTRY--TOPICAL TERM | |
| Topical term or geographic name entry element | BUILT ENVIRONMENT-CONSTRUCTION MANAGEMENT-BUILDING CONTRACT ADMINISTRATION |
| 650 24 - SUBJECT ADDED ENTRY--TOPICAL TERM | |
| Topical term or geographic name entry element | LIABILITY |
| 651 #4 - SUBJECT ADDED ENTRY--GEOGRAPHIC NAME | |
| Geographic name | England and Wales |
| Chronological subdivision | 1543- |
| 690 ## - LOCAL SUBJECT ADDED ENTRY--TOPICAL TERM (OCLC, RLIN) | |
| Topical term or geographic name as entry element | Contracts |
| 9 (RLIN) | 6232 |
| 700 1# - ADDED ENTRY--PERSONAL NAME | |
| Personal name | Champion, Ronan |
| 700 1# - ADDED ENTRY--PERSONAL NAME | |
| Personal name | Murdoch, John |
| 856 48 - ELECTRONIC LOCATION AND ACCESS | |
| Uniform Resource Identifier | <a href="https://www.vlebooks.com/">https://www.vlebooks.com/</a> |
| Public note | View on VLEbooks. Logins for members only from [email protected] |
| 942 ## - ADDED ENTRY ELEMENTS (KOHA) | |
| Suppress in OPAC | 0 |
| Withdrawn status | Lost status | Source of classification or shelving scheme | Damaged status | Not for loan | Home library | Current library | Shelving location | Date acquired | Total Checkouts | Full call number | Barcode | Date last seen | Copy number | Price effective from | Koha item type |
|---|---|---|---|---|---|---|---|---|---|---|---|---|---|---|---|
| Dewey Decimal Classification | Virtual | Virtual | Online | 02/02/2016 | EBOOK | 159120-2001 | 06/08/2019 | 1 | 06/08/2019 | Book |